Przyimki miesjca po Niemiecku - Statystyki

Ogólne statystyki
  • Ten quiz został rozwiązany 7 razy
  • Średni wynik to 6 z 9
Statystyki odpowiedzi
J. Polski J. Niemiecki % Poprawnych
w in
100%
przy/na an
80%
na auf
80%
pod unter
80%
za hinter
60%
obok neben
60%
nad uber
60%
przed vor
60%
pomiędzy zwischen
60%
Nie znaleziono quizów pasujących do podanych kryteriów
Rozkład punktacji
Procent ludzi z każdym wynikiem
Percentyl według liczby udzielonych odpowiedzi
Twoja historia wyników
Nie rozwiązałeś tego quizu